| 000 | 00636nam a22001937a 4500 | ||
|---|---|---|---|
| 999 |
_c166066 _d166066 |
||
| 005 | 20190711173910.0 | ||
| 010 | _aENG-125882 | ||
| 020 |
_a9789353433819 _c799.00 |
||
| 035 | _aEN-109414 | ||
| 037 | _bDBAD/PUB | ||
| 082 | _a627 | ||
| 100 | _aChin, David A. | ||
| 245 |
_aWater-resources engineering / _cby David A. Chin |
||
| 260 |
_aNoida _bPearson India Education _c2019 |
||
| 270 |
_a15th Floor, Tower-B World Trade Tower, Plot No. 1 Block- C, Sector-16 _bNoida, Uttar Pradesh _e201301 |
||
| 300 |
_a968p. _c25cm(pbk) |
||
| 500 | _aIncludes bibliographical references and index | ||
| 942 |
_2ddc _cEN _h627 _mCHI |
||